00455nam a22001692 4500001001100000005001700011008004100028020001700069040001500086100003500101245004500136250001300181260002900194300001700223650004200240852000300282000002026120151217152211.0110906s xx 000 0 eng d a8123917900 : aKABUcKABU1 aRazdan, Balkishen.@000018037510aMedicinal chemistry /cBalkishen Razdan. a1st ed. aNew Delhi :bCBS,c2010. axii, 828 p. 0aPharmaceutical chemistry.@00001559301